000 00654nam a2200229Ia 4500
003 OSt
005 20220925191127.0
006 a|||||r|||| 00| 0
007 ta
008 220923b |||||||| |||| 00| 0 eng d
037 _cGeneral Book
040 _aRTL
_cRTL
_beng
041 _2eng
_aeng
082 _aB245, K6/SC
100 _aFINKBEINER Daniel T
245 0 _aIntroduction to matrices and linear transformations
260 _aBombay
_bD B Taraporevala Sons & Co.
_c1966
300 _axi,297p.
_ccm.
500 _aAppendix: 251-274P.
942 _hB245, K6/SC
_cGB
_2CC
999 _c517317
_d517317